| 000 | 00797nam#a22002895a#4500 | ||
|---|---|---|---|
| 001 | 3273 | ||
| 003 | AR-ClEAG | ||
| 005 | 20250408115627.0 | ||
| 008 | 250408s1967####ag#a###f######001#0#spa#d | ||
| 040 |
_aAR-ClEAG _cAR-ClEAG |
||
| 080 | _a619 : 616.1 | ||
| 084 | _aB74 | ||
| 100 | 1 | _aBoero, Juan José. | |
| 245 | 1 | 0 |
_aParasitología animal : _cAlfred Borchert. |
| 250 |
_a1ª ed. _breimp. |
||
| 260 |
_aZaragoza : _bACRIBIA, _c1975. |
||
| 300 |
_a745 p. : _bil. byn. ; _c28 cm. |
||
| 490 | 0 | _aEdiciones Previas. | |
| 653 | _aCiencia veterinaria | ||
| 653 | _aParasitosis animales | ||
| 653 | _aParasitología | ||
| 653 | _aParasitismo | ||
| 653 | _aEnfermedades parasitarias | ||
| 653 | _aMicosis | ||
| 942 |
_cBK _2udc _n0 |
||
| 980 |
_63 _aGerardo Ochoa _83 _gGerardo Ochoa |
||
| 999 |
_c3273 _d3273 |
||